000 01105nam a2200325 i 4500
003 EG-GICUC
005 20260423124735.0
008 260423s1909 fr fr|||| 001 0 fre d
040 _aEG-GiCUC
_bfre
_cEG-GiCUC
_dEG-GiCUC
_eRda
041 0 _afre
082 0 4 _221
_a343.9
_bSÉ . F
092 0 4 _221
099 _aLaw1 10 343.9 SÉ . F 1 ed - 1909
100 1 _aSérieux, Paul.
_eAuteur
245 _aLes Folies Raisonnantes :
_bLe Délire D'interprétation/
_c Par Les Docteurs P. Sérieux ; J. Capgras.
264 _a Paris :
_b Félix Alcan, Éditeur,
_c1909.
300 _a392 page :
_billustration ;
_c 24 cm.
336 _2rda contenu
_a texte
337 _2rda medias
_aOrdinateur
338 _2 transporteur rda
_a Ressource en ligne
504 _aComprend des références bibliographiques.
546 _aTexte en français
650 1 4 _aDroit pénal.
_2qrmak
651 1 _2qrmak
700 1 _aCAPGRAS . J,
_eAuteur
710 _aANCIENNE LIBRAIRIE GERMER BAILLIERE.
856 4 0 _uhttps://fll.law.cu.edu.eg/fulltext/bks/B10-11159.pdf
905 _a171
942 _2ddc
_cBK
_e21
_n0
999 _c73057
_d73057